A defining moment (Record no. 69358)

MARC details
000 -LEADER
fixed length control field 00805cam a2200205 4500
001 - CONTROL NUMBER
control field WB3803-19
008 - FIXED-LENGTH DATA ELEMENTS--GENERAL INFORMATION
fixed length control field 020124n2002 000 0 eng u
035 ## - SYSTEM CONTROL NUMBER
System control number (Sirsi) u116435
245 #2 - TITLE STATEMENT
Title A defining moment
260 ## - PUBLICATION, DISTRIBUTION, ETC.
Date of publication, distribution, etc. 2002
490 ## - SERIES STATEMENT
Series statement Estates Gazette
Volume/sequential designation (0203) 19 January 2002, 123(1)
520 ## - SUMMARY, ETC.
Summary, etc. Reviews a Court of Appeal ruling on enforcement of restrictive covenants. In "Whitgift Homes Ltd v Stocks and others" CA found insufficient evidence to clearly identify the area of a building scheme. Discusses the importance of this information for enforcement to succeed. See WB3746-05 for case details.
590 ## - LOCAL NOTE (RLIN)
Local note WB
650 ## - SUBJECT ADDED ENTRY--TOPICAL TERM
Topical term or geographic name entry element BUILDING SCHEME
650 ## - SUBJECT ADDED ENTRY--TOPICAL TERM
Topical term or geographic name entry element WHITGIFT HOMES V STOCKS
650 ## - SUBJECT ADDED ENTRY--TOPICAL TERM
Topical term or geographic name entry element FREEHOLD LAND
650 ## - SUBJECT ADDED ENTRY--TOPICAL TERM
Topical term or geographic name entry element RESTRICTIVE COVENANTS
690 ## - LOCAL SUBJECT ADDED ENTRY--TOPICAL TERM (OCLC, RLIN)
Topical term or geographic name as entry element PROPERTY
942 ## - ADDED ENTRY ELEMENTS (KOHA)
Suppress in OPAC 0
Holdings
Withdrawn status Lost status Source of classification or shelving scheme Damaged status Not for loan Home library Current library Shelving location Date acquired Total Checkouts Full call number Barcode Date last seen Copy number Price effective from Koha item type
    Dewey Decimal Classification     London London News article 24/01/2002   WB3803-19 116435-1001 06/08/2019 1 06/08/2019 News article